000 00466nam a2200181Ia 4500
001 25215
005 20260414151135.0
008 260414t2022||||xx |||||||||||||| ||spa||
041 _aESP
082 _a346.4
_bP27
100 _aPasco Arauco, Alan
_eAUT
245 0 _aLa copropiedad :
_bun estudio doctrinario, normativo y jurisprudencial
260 _c2022
300 _a446 páginas :
_c25 cm.
650 _aDER
654 _aCDE
942 _cLIB
_dJUS
_fJUS
_2ddc
_n
999 _c25215
_d25215